[Event "CAN-ch Universities"]
[Site "Montreal CAN"]
[Date "2025.01.25"]
[Round "3.14"]
[White "Momin, Fayzan"]
[Black "Mao, Fengxi"]
[Result "1/2-1/2"]
[WhiteElo "2192"]
[BlackElo "2359"]
[WhiteFideId "-1"]
[WhiteFideId "-1"]
[PlyCount "150"]
[GameId "2144521137836250"]
[EventDate "2025.01.24"]
[EventType "team"]
[EventRounds "5"]
[EventCountry "CAN"]
[WhiteTeam "Waterloo A"]
[BlackTeam "U Toronto A"]

1. Nf3 d5 2. e3 Nf6 3. c4 e6 4. Nc3 Be7 5. b3 O-O 6. Bb2 dxc4 7. Bxc4 a6 8. Qc2 b5 9. Bd3 Bb7 10. Ne4 Nxe4 11. Bxe4 Bxe4 12. Qxe4 Nd7 13. Qc6 Nc5 14. O-O Nd3 15. Bd4 Nb4 16. Qc3 f6 17. a3 Nd5 18. Qc2 Bd6 19. Bc5 Qe7 20. Rac1 e5 21. Rfe1 Qe6 22. d3 Rfd8 23. Nd2 f5 24. g3 Nf6 25. d4 e4 26. b4 a5 27. Ra1 Ra6 28. Nb3 axb4 29. axb4 Rda8 30. Ra5 Qc4 31. Rc1 Qxc2 32. Rxc2 Rxa5 33. bxa5 Kf7 34. Bxd6 cxd6 35. Rc7+ Ke6 36. Rxg7 Kd5 37. Rc7 h5 38. h4 Ne8 39. Rc2 Ra7 40. Kf1 Nc7 41. Ke1 Na6 42. Kd2 Nb4 43. Rc8 Nc6 44. Rf8 Kc4 45. Kc2 Nb4+ 46. Kb2 Nd3+ 47. Ka3 b4+ 48. Ka2 Nxf2 49. Rxf5 Nd1 50. Rxh5 Rf7 51. Nd2+ Kd3 52. Nxe4 Kxe4 53. Kb3 Rb7 54. a6 Ra7 55. Ra5 Nxe3 56. Kxb4 Kxd4 57. Kb5 Nc4 58. Ra4 d5 59. h5 Ke5 60. g4 Nd6+ 61. Kb6 Nc8+ 62. Kc5 Rc7+ 63. Kb5 d4 64. g5 d3 65. Ra1 Kf5 66. Rd1 Kxg5 67. Rxd3 Kxh5 68. Rd5+ Kg6 69. Rc5 Rxc5+ 70. Kxc5 Kf6 71. Kc6 Ke6 72. Kc7 Na7 73. Kb7 Nb5 74. Kb6 Nd6 75. Kc6 Nc8 1/2-1/2

[Event "CAN-ch Universities"]
[Site "Montreal CAN"]
[Date "2025.01.25"]
[Round "3.21"]
[White "Tanaka, Tyler"]
[Black "Bain-Thouverez, Aurelien"]
[Result "1-0"]
[WhiteElo "2377"]
[BlackElo "1950"]
[WhiteFideId "-1"]
[WhiteFideId "-1"]
[PlyCount "57"]
[GameId "2144521137836251"]
[EventDate "2025.01.24"]
[EventType "team"]
[EventRounds "5"]
[EventCountry "CAN"]
[WhiteTeam "McGill A"]
[BlackTeam "U de Montreal B"]

1. Nf3 d5 2. g3 e6 3. Bg2 c5 4. O-O Nf6 5. c4 Be7 6. cxd5 exd5 7. d4 b6 8. Nc3 Be6 9. Bf4 O-O 10. Ne5 Na6 11. Nb5 Bd7 12. Nc3 Be6 13. Qa4 Nc7 14. Nc6 Qd7 15. Nxe7+ Qxe7 16. dxc5 bxc5 17. Qc6 Rac8 18. Bd6 Qd8 19. Bxf8 Qxf8 20. Rac1 Bd7 21. Qb7 Qd6 22. Rfd1 Be6 23. Nb5 Nxb5 24. Qxb5 a6 25. Qd3 Rb8 26. b3 Rd8 27. Qc3 Rc8 28. b4 d4 29. bxc5 1-0

[Event "CAN-ch Universities"]
[Site "Montreal CAN"]
[Date "2025.01.25"]
[Round "3.22"]
[White "Porlier, Xavier"]
[Black "Genzling, Jerome"]
[Result "1/2-1/2"]
[WhiteElo "1948"]
[BlackElo "2219"]
[WhiteFideId "-1"]
[WhiteFideId "-1"]
[PlyCount "56"]
[GameId "2144521137836252"]
[EventDate "2025.01.24"]
[EventType "team"]
[EventRounds "5"]
[EventCountry "CAN"]
[WhiteTeam "U de Montreal B"]
[BlackTeam "McGill A"]

1. e4 c5 2. Nc3 Nc6 3. f4 g6 4. Nf3 Bg7 5. Bb5 Nd4 6. Bd3 d6 7. Nxd4 cxd4 8. Ne2 Bd7 9. O-O Bc6 10. c3 dxc3 11. dxc3 Nf6 12. Nd4 Bxe4 13. Qa4+ Kf8 14. Bxe4 Nxe4 15. Ne6+ fxe6 16. Qxe4 Qd7 17. g4 Rc8 18. Be3 a6 19. Rad1 Kf7 20. f5 gxf5 21. gxf5 Bf6 22. Bd4 Rhg8+ 23. Kh1 exf5 24. Rxf5 Qc6 25. Rd5 Rg6 26. Bxf6 exf6 27. Re1 Qd7 28. Qb4 Qc6 1/2-1/2

[Event "CAN-ch Universities"]
[Site "Montreal CAN"]
[Date "2025.01.25"]
[Round "3.23"]
[White "Wu, Tony"]
[Black "Gonzalez, Frederic"]
[Result "1-0"]
[WhiteElo "2130"]
[BlackElo "1725"]
[WhiteFideId "-1"]
[WhiteFideId "-1"]
[PlyCount "81"]
[GameId "2144521137836253"]
[EventDate "2025.01.24"]
[EventType "team"]
[EventRounds "5"]
[EventCountry "CAN"]
[WhiteTeam "McGill A"]
[BlackTeam "U de Montreal B"]

1. d4 d5 2. Nf3 Nf6 3. g3 c6 4. Bg2 Nbd7 5. O-O e6 6. c4 Bd6 7. Nc3 O-O 8. Nd2 Re8 9. e4 dxe4 10. Ndxe4 Nxe4 11. Nxe4 Bc7 12. f4 Rb8 13. Be3 Qe7 14. c5 f6 15. Qb3 Kh8 16. Rae1 b6 17. Qa4 bxc5 18. dxc5 e5 19. f5 Rxb2 20. Qxc6 Ba5 21. Rd1 Nb8 22. Qa4 Re2 23. Nd6 Rf8 24. Bf2 Qc7 25. Nb5 Bd7 26. Rxd7 Qxd7 27. Qxa5 Nc6 28. Qc7 Qxc7 29. Nxc7 e4 30. Re1 Rxe1+ 31. Bxe1 Rc8 32. Ne6 e3 33. Kf1 Ne5 34. Bb7 Rb8 35. c6 Nxc6 36. Bxc6 e2+ 37. Kf2 g6 38. g4 gxf5 39. gxf5 Rb2 40. a4 Rc2 41. Bb5 1-0

[Event "CAN-ch Universities"]
[Site "Montreal CAN"]
[Date "2025.01.25"]
[Round "3.24"]
[White "Bergeron, Emile"]
[Black "Stoica, Savas Marin"]
[Result "1/2-1/2"]
[WhiteElo "1239"]
[BlackElo "1992"]
[WhiteFideId "-1"]
[WhiteFideId "-1"]
[PlyCount "118"]
[GameId "2144521137836254"]
[EventDate "2025.01.24"]
[EventType "team"]
[EventRounds "5"]
[EventCountry "CAN"]
[WhiteTeam "U de Montreal B"]
[BlackTeam "McGill A"]

1. d4 Nf6 2. Bg5 d5 3. e3 Nbd7 4. c4 e6 5. cxd5 exd5 6. Nc3 c6 7. Qc2 Be7 8. Bd3 O-O 9. Nf3 Re8 10. O-O h6 11. Bf4 Nh5 12. Nxd5 Nxf4 13. Nxf4 Bd6 14. Ne2 c5 15. Rfd1 Qe7 16. Ng3 Nf6 17. Nf5 Bxf5 18. Bxf5 Rad8 19. dxc5 Bxc5 20. Rxd8 Rxd8 21. Rd1 Rxd1+ 22. Qxd1 g6 23. Bd3 Ng4 24. Qe2 Qf6 25. Qc2 Qd6 26. b4 Bb6 27. Bc4 Qf6 28. Bf1 Kg7 29. Qe4 Qe6 30. Bd3 Qd6 31. g3 Nf6 32. Qc4 Qc7 33. Kg2 Qxc4 34. Bxc4 Bc7 35. Nd4 Kf8 36. f4 Ng4 37. Nc2 Bb6 38. e4 Ne3+ 39. Nxe3 Bxe3 40. Kf3 Bg1 41. Bd5 b6 42. b5 Ke7 43. e5 Bc5 44. Ke4 Bg1 45. h3 Bh2 46. Kf3 Bg1 47. Kg4 Bd4 48. h4 h5+ 49. Kg5 Bf2 50. e6 fxe6 51. Be4 Bxg3 52. Bxg6 e5 53. f5 Bf4+ 54. Kxh5 e4 55. f6+ Kxf6 56. Bxe4 Kg7 57. Kg4 Be3 58. Kf5 Kh8 59. Ke6 Bg1 1/2-1/2

[Event "CAN-ch Universities"]
[Site "Montreal CAN"]
[Date "2025.01.25"]
[Round "3.31"]
[White "Demchenko, Svitlana"]
[Black "Zhang, Henry"]
[Result "1-0"]
[WhiteElo "2320"]
[BlackElo "2222"]
[WhiteFideId "-1"]
[WhiteFideId "-1"]
[PlyCount "87"]
[GameId "2144521137836255"]
[EventDate "2025.01.24"]
[EventType "team"]
[EventRounds "5"]
[EventCountry "CAN"]
[WhiteTeam "U Ottawa A"]
[BlackTeam "U Toronto B"]

1. d4 Nf6 2. c4 g6 3. Nc3 d5 4. cxd5 Nxd5 5. e4 Nxc3 6. bxc3 c5 7. Bb5+ Bd7 8. Be2 Bg7 9. Nf3 Nc6 10. h3 Qa5 11. Bd2 cxd4 12. cxd4 Qa3 13. Be3 Qc3+ 14. Kf1 O-O 15. Rc1 Qa5 16. d5 Nb4 17. Bd2 Qa3 18. Qb3 Qxb3 19. axb3 Na6 20. Bxa6 bxa6 21. Rc7 Bb5+ 22. Kg1 f5 23. e5 Rfd8 24. Rxe7 Rxd5 25. Bg5 Rd3 26. Bf6 Bxf6 27. exf6 Rf8 28. Rg7+ Kh8 29. Ng5 Rxf6 30. Rxh7+ Kg8 31. Rxa7 Rxb3 32. Kh2 Rb2 33. Rc1 Rc6 34. Rxc6 Bxc6 35. Rxa6 Rc2 36. f3 Rc4 37. Kg3 Kg7 38. Ne6+ Kh6 39. h4 Bb7 40. Ra7 Rb4 41. Nc5 f4+ 42. Kh2 Bc8 43. Ne4 Bf5 44. Ng5 1-0

[Event "CAN-ch Universities"]
[Site "Montreal CAN"]
[Date "2025.01.25"]
[Round "3.32"]
[White "Zheng, Victor"]
[Black "Rousskikh, Maxim"]
[Result "0-1"]
[WhiteElo "2192"]
[BlackElo "2137"]
[WhiteFideId "-1"]
[WhiteFideId "-1"]
[PlyCount "64"]
[GameId "2144521137836256"]
[EventDate "2025.01.24"]
[EventType "team"]
[EventRounds "5"]
[EventCountry "CAN"]
[WhiteTeam "U Toronto B"]
[BlackTeam "U Ottawa A"]

1. Nf3 d5 2. g3 c6 3. c4 Nf6 4. Bg2 Nbd7 5. O-O dxc4 6. Qc2 b5 7. d3 cxd3 8. Qxc6 Rb8 9. exd3 Bb7 10. Qc2 e6 11. a4 b4 12. Be3 Rc8 13. Qe2 a5 14. d4 Nd5 15. Nbd2 Be7 16. Ne5 Nxe5 17. dxe5 O-O 18. Rfd1 Qc7 19. Bd4 Rfd8 20. Ne4 Qc4 21. Qg4 h6 22. Bf1 Qb3 23. Nf6+ Kf8 24. Rd3 Qc2 25. Nh5 g5 26. Rf3 Nc7 27. Bd3 Bxf3 28. Qxf3 Qb3 29. Qe4 Rxd4 30. Qh7 Ke8 31. Ng7+ Kd7 32. Bc2 Qf3 0-1

[Event "CAN-ch Universities"]
[Site "Montreal CAN"]
[Date "2025.01.25"]
[Round "3.33"]
[White "Pitre, Lucas"]
[Black "Qiao, Cindy"]
[Result "0-1"]
[WhiteElo "1951"]
[BlackElo "2147"]
[WhiteFideId "-1"]
[WhiteFideId "-1"]
[PlyCount "52"]
[GameId "2144521137836257"]
[EventDate "2025.01.24"]
[EventType "team"]
[EventRounds "5"]
[EventCountry "CAN"]
[WhiteTeam "U Ottawa A"]
[BlackTeam "U Toronto B"]

1. e4 e6 2. Nf3 c5 3. d4 cxd4 4. Nxd4 Nc6 5. Nxc6 bxc6 6. Nc3 Qc7 7. g3 d5 8. Bg2 Ba6 9. exd5 exd5 10. Qd4 Qa5 11. Bd2 Qb4 12. Nb5 Qxb5 13. O-O-O Nf6 14. Rhe1+ Kd8 15. Bg5 Be7 16. Rxe7 Kxe7 17. Re1+ Kd8 18. Bxf6+ gxf6 19. Qxf6+ Kc7 20. Qxf7+ Kb6 21. Re3 Qa5 22. Rb3+ Bb5 23. c3 Rhf8 24. Qg7 Qxa2 25. Qd4+ c5 26. Qxd5 Qa1+ 0-1

[Event "CAN-ch Universities"]
[Site "Montreal CAN"]
[Date "2025.01.25"]
[Round "3.34"]
[White "Wang, Bingfei"]
[Black "Mullur, Neerav"]
[Result "1/2-1/2"]
[WhiteElo "2071"]
[BlackElo "1902"]
[WhiteFideId "-1"]
[WhiteFideId "-1"]
[PlyCount "62"]
[GameId "2144521137836258"]
[EventDate "2025.01.24"]
[EventType "team"]
[EventRounds "5"]
[EventCountry "CAN"]
[WhiteTeam "U Toronto B"]
[BlackTeam "U Ottawa A"]

1. d4 d5 2. c4 e6 3. Nc3 c5 4. e3 Nf6 5. Nf3 a6 6. cxd5 exd5 7. Be2 Nc6 8. O-O Be7 9. dxc5 Bxc5 10. a3 O-O 11. b4 Ba7 12. Bb2 d4 13. exd4 Nxd4 14. Nxd4 Qxd4 15. Qxd4 Bxd4 16. Rad1 Be5 17. f4 Bc7 18. Na4 Bg4 19. Bxg4 Nxg4 20. Rd7 Rac8 21. Nc5 Rfd8 22. h3 Ne3 23. Rxd8+ Rxd8 24. Re1 Bxf4 25. g3 Bh6 26. Nxb7 Rd2 27. Be5 f6 28. Bf4 Bxf4 29. gxf4 Rg2+ 30. Kh1 Rg3 31. Kh2 Rg2+ 1/2-1/2

[Event "CAN-ch Universities"]
[Site "Montreal CAN"]
[Date "2025.01.25"]
[Round "3.41"]
[White "Hua, Eugene"]
[Black "Pelev, Iassen"]
[Result "1-0"]
[WhiteElo "2337"]
[BlackElo "1882"]
[WhiteFideId "-1"]
[WhiteFideId "-1"]
[PlyCount "59"]
[GameId "2144521137836259"]
[EventDate "2025.01.24"]
[EventType "team"]
[EventRounds "5"]
[EventCountry "CAN"]
[WhiteTeam "McMaster A"]
[BlackTeam "Carleton A"]

1. d4 Nf6 2. Nf3 g6 3. Nbd2 Bg7 4. e4 d6 5. h3 e5 6. c3 Nbd7 7. Bd3 O-O 8. O-O Qe7 9. Re1 c6 10. a4 a5 11. b3 Nh5 12. Nc4 c5 13. Bg5 f6 14. Be3 Rd8 15. Qd2 Qf8 16. g4 d5 17. exd5 f5 18. gxh5 f4 19. dxe5 fxe3 20. Qxe3 Bh6 21. Qe4 Re8 22. hxg6 Nf6 23. gxh7+ Kh8 24. Qg6 Nxd5 25. Nd6 Re7 26. Qg8+ Qxg8+ 27. hxg8=Q+ Kxg8 28. Nxc8 Rxc8 29. Bc4 Rd8 30. Rad1 1-0

[Event "CAN-ch Universities"]
[Site "Montreal CAN"]
[Date "2025.01.25"]
[Round "3.42"]
[White "Lane, Ryan"]
[Black "Gao, Raymond"]
[Result "1-0"]
[WhiteElo "2041"]
[BlackElo "2216"]
[WhiteFideId "-1"]
[WhiteFideId "-1"]
[PlyCount "131"]
[GameId "2144521137852644"]
[EventDate "2025.01.24"]
[EventType "team"]
[EventRounds "5"]
[EventCountry "CAN"]
[WhiteTeam "Carleton A"]
[BlackTeam "McMaster A"]

1. e4 c5 2. Nf3 d6 3. d4 cxd4 4. Qxd4 Nc6 5. Bb5 Bd7 6. Bxc6 bxc6 7. e5 d5 8. c4 e6 9. Nc3 Ne7 10. Bg5 h6 11. Bxe7 Bxe7 12. O-O-O c5 13. Qd2 d4 14. Ne4 Bc6 15. Qd3 Rb8 16. Rd2 Rb4 17. Re1 O-O 18. g4 Qa8 19. Rc2 Qb7 20. h4 Rb8 21. b3 a5 22. g5 a4 23. Nfd2 axb3 24. axb3 Ra8 25. Kd1 Ra1+ 26. Rc1 Rxc1+ 27. Kxc1 hxg5 28. Nxg5 Bxg5 29. hxg5 Rb6 30. Kd1 Ra6 31. Ke2 Ra2 32. Kf1 Rxd2 33. Qxd2 Qxb3 34. Qf4 Qxc4+ 35. Kg1 Qc3 36. Rb1 Qh3 37. Qh2 Qg4+ 38. Kf1 Kf8 39. Qh8+ Ke7 40. Qb8 Qg2+ 41. Ke1 Qd5 42. Qc7+ Bd7 43. Rb8 Qe4+ 44. Kd2 Qf4+ 45. Ke1 Qe4+ 46. Kd2 Qf4+ 47. Kc2 Qxf2+ 48. Kb3 c4+ 49. Ka3 Qe3+ 50. Ka2 Qd2+ 51. Rb2 Qxg5 52. Qd6+ Ke8 53. Rb8+ Qd8 54. Rxd8+ Kxd8 55. Qxd4 Ke7 56. Qc5+ Ke8 57. Qxc4 f6 58. Qg4 Kf7 59. Qh5+ Kf8 60. exf6 gxf6 61. Qh8+ Kf7 62. Qh7+ Ke8 63. Qg8+ Ke7 64. Qg7+ Ke8 65. Qxf6 Bc8 66. Kb2 1-0

[Event "CAN-ch Universities"]
[Site "Montreal CAN"]
[Date "2025.01.25"]
[Round "3.43"]
[White "Zaka, Mohid"]
[Black "Graham, Douglas"]
[Result "1/2-1/2"]
[WhiteElo "1948"]
[BlackElo "1933"]
[WhiteFideId "-1"]
[WhiteFideId "-1"]
[PlyCount "59"]
[GameId "2144521137852645"]
[EventDate "2025.01.24"]
[EventType "team"]
[EventRounds "5"]
[EventCountry "CAN"]
[WhiteTeam "McMaster A"]
[BlackTeam "Carleton A"]

1. Nf3 d5 2. b3 c5 3. e3 Nf6 4. Bb2 Nc6 5. Be2 e6 6. O-O Be7 7. d4 cxd4 8. Nxd4 O-O 9. Nd2 Nxd4 10. Bxd4 b6 11. c4 Bb7 12. Bf3 Qd7 13. Qc2 Rac8 14. Qb2 Ne8 15. e4 dxe4 16. Nxe4 Bxe4 17. Bxe4 Bf6 18. Rad1 Qe7 19. Bf3 Bxd4 20. Rxd4 Nf6 21. Rd2 Qc5 22. Rfd1 b5 23. cxb5 Qxb5 24. h3 Qb6 25. Rd6 Qa5 26. b4 Qa4 27. a3 h6 28. R6d2 Nh7 29. g3 Nf6 30. Kg2 1/2-1/2

[Event "CAN-ch Universities"]
[Site "Montreal CAN"]
[Date "2025.01.25"]
[Round "3.44"]
[White "Rayos, Cris Angelo"]
[Black "Wong, Francisco"]
[Result "0-1"]
[WhiteElo "1954"]
[BlackElo "2258"]
[WhiteFideId "-1"]
[WhiteFideId "-1"]
[PlyCount "100"]
[GameId "2144521137852646"]
[EventDate "2025.01.24"]
[EventType "team"]
[EventRounds "5"]
[EventCountry "CAN"]
[WhiteTeam "Carleton A"]
[BlackTeam "McMaster A"]

1. Nf3 f5 2. g3 Nf6 3. Bg2 d6 4. d3 e5 5. Nbd2 Be7 6. e4 Nc6 7. c3 O-O 8. Qb3+ Kh8 9. Ng5 Qe8 10. Ne6 Na5 11. Qb4 Bxe6 12. Qxa5 c6 13. f3 Qd7 14. Nf1 d5 15. Bg5 h6 16. Bxf6 Bxf6 17. Rd1 Bd8 18. Qa4 Bb6 19. Qc2 Qf7 20. exd5 Bxd5 21. Nd2 e4 22. dxe4 fxe4 23. f4 e3 24. Nb3 e2 25. Rxd5 cxd5 26. Qd3 Rad8 27. Nd4 Bxd4 28. Qxd4 Qe6 29. Kd2 Rfe8 30. Re1 b6 31. Qd3 d4 32. c4 Qe3+ 33. Qxe3 dxe3+ 34. Kc3 Rd2 35. a4 Red8 36. Bd5 g5 37. f5 Kg7 38. g4 Kf6 39. b3 a5 40. b4 Ke5 41. Kb3 Kd4 42. Be6 Ke5 43. Bd5 Kf4 44. h3 Kg3 45. f6 Kf2 46. Rxe2+ Kxe2 47. f7 Rf8 48. Be6 Kf2 49. c5 e2 50. cxb6 e1=Q 0-1

[Event "CAN-ch Universities"]
[Site "Montreal CAN"]
[Date "2025.01.25"]
[Round "3.51"]
[White "Docheshmeh, Amir Mohammad"]
[Black "Martinez Mulet, Dario Leonel"]
[Result "0-1"]
[WhiteElo "2034"]
[BlackElo "2258"]
[WhiteFideId "-1"]
[WhiteFideId "-1"]
[PlyCount "124"]
[GameId "2144521137852647"]
[EventDate "2025.01.24"]
[EventType "team"]
[EventRounds "5"]
[EventCountry "CAN"]
[WhiteTeam "Western A"]
[BlackTeam "Concordia A"]

1. e4 c6 2. d4 d5 3. exd5 cxd5 4. Bd3 Nc6 5. c3 Qc7 6. Nf3 Bg4 7. O-O e6 8. Nbd2 Nf6 9. Re1 Bd6 10. Nf1 O-O 11. Bg5 Nd7 12. Bh4 h6 13. Bg3 Rab8 14. Bxd6 Qxd6 15. h3 Bf5 16. Bxf5 exf5 17. Qd3 g6 18. Rad1 Nf6 19. Ne5 Rfe8 20. Nxc6 bxc6 21. b4 Ne4 22. f3 Ng5 23. Qd2 Kg7 24. Rxe8 Rxe8 25. Re1 Ra8 26. Qe2 Ne6 27. Qa6 Nc7 28. Qa5 Nb5 29. Re3 f4 30. Rd3 Qe6 31. Qa4 Qe2 32. Rd2 Qc4 33. Qb3 Qxb3 34. axb3 Nxc3 35. Rc2 Nb5 36. Rxc6 Rd8 37. Nd2 Rd7 38. Rc5 Nxd4 39. Kf1 Nf5 40. Kf2 Kf6 41. Ke2 Ke6 42. Kd3 Rb7 43. Ra5 Nh4 44. b5 Nxg2 45. Kd4 Ne3 46. Ra6+ Kf5 47. Kc5 Kg5 48. b6 axb6+ 49. Rxb6 Rc7+ 50. Kd4 Kh4 51. b4 Kxh3 52. b5 h5 53. Rc6 Rb7 54. b6 Kg3 55. Kc5 Nc4 56. Rc7 Rxb6 57. Nxc4 dxc4 58. Kxb6 Kxf3 59. Rxc4 h4 60. Kc5 h3 61. Rc2 Kg3 62. Kd4 h2 0-1

[Event "CAN-ch Universities"]
[Site "Montreal CAN"]
[Date "2025.01.25"]
[Round "3.52"]
[White "Saha, Ananda"]
[Black "Noorali, Aahil"]
[Result "1-0"]
[WhiteElo "2206"]
[BlackElo "2054"]
[WhiteFideId "-1"]
[WhiteFideId "-1"]
[PlyCount "41"]
[GameId "2144521137852648"]
[EventDate "2025.01.24"]
[EventType "team"]
[EventRounds "5"]
[EventCountry "CAN"]
[WhiteTeam "Concordia A"]
[BlackTeam "Western A"]

1. d4 Nf6 2. Bg5 e6 3. Nd2 d5 4. e3 Be7 5. Bd3 Nbd7 6. f4 b6 7. Ngf3 Ng4 8. Bxe7 Qxe7 9. Qe2 Qb4 10. Rb1 Qa4 11. O-O a6 12. e4 dxe4 13. Nxe4 O-O 14. Nc3 Qb4 15. Qe4 Ndf6 16. Qxa8 Qd6 17. h3 Ne3 18. Ne4 Qxf4 19. Nxf6+ Qxf6 20. Qe4 Nf5 21. Qe5 1-0

[Event "CAN-ch Universities"]
[Site "Montreal CAN"]
[Date "2025.01.25"]
[Round "3.53"]
[White "Cheng, Jacob"]
[Black "Ruiz-Proano, Esteban"]
[Result "0-1"]
[WhiteElo "1870"]
[BlackElo "1912"]
[WhiteFideId "-1"]
[WhiteFideId "-1"]
[PlyCount "114"]
[GameId "2144521137852649"]
[EventDate "2025.01.24"]
[EventType "team"]
[EventRounds "5"]
[EventCountry "CAN"]
[WhiteTeam "Western A"]
[BlackTeam "Concordia A"]

1. e4 c6 2. d4 d5 3. exd5 cxd5 4. Bd3 Nc6 5. c3 Qc7 6. Ne2 Bg4 7. h3 Bxe2 8. Qxe2 Nxd4 9. cxd4 Qxc1+ 10. Qd1 Qxd1+ 11. Kxd1 a6 12. Nc3 e6 13. Re1 Nf6 14. f4 Bb4 15. g4 O-O 16. Rc1 Rac8 17. Rf1 Rc6 18. Kc2 Rfc8 19. Kb3 Ba5 20. Ne2 Rxc1 21. Rxc1 Rxc1 22. Nxc1 h6 23. f5 Kf8 24. Ka4 Bb6 25. Ne2 Ke7 26. b4 Kd6 27. fxe6 fxe6 28. Kb3 e5 29. Kc3 Ne4+ 30. Bxe4 dxe4 31. Kc4 Ba7 32. a4 b5+ 33. axb5 axb5+ 34. Kc3 Kd5 35. dxe5 Kxe5 36. Kd2 Bd4 37. Kc2 Kd5 38. Kb3 e3 39. Ng3 Be5 40. Ne2 Ke4 41. Kc2 g5 42. Nc1 Kf3 43. Kd3 Kg2 44. Ne2 Kxh3 45. Ke4 Bb2 46. Kf3 Ba3 47. Ng1+ Kh2 48. Ne2 Bxb4 49. Kxe3 Ba3 50. Nc3 b4 51. Nd5 Kg3 52. Nf6 Bb2 53. Nd5 Bc3 54. Ke2 Kxg4 55. Kf2 Kh3 56. Kf3 g4+ 57. Kf2 g3+ 0-1

[Event "CAN-ch Universities"]
[Site "Montreal CAN"]
[Date "2025.01.25"]
[Round "3.61"]
[White "Nasir, Zehn"]
[Black "Yu, Zong Yang"]
[Result "0-1"]
[WhiteElo "2219"]
[BlackElo "2477"]
[WhiteFideId "-1"]
[WhiteFideId "-1"]
[PlyCount "102"]
[GameId "2144521137852651"]
[EventDate "2025.01.24"]
[EventType "team"]
[EventRounds "5"]
[EventCountry "CAN"]
[WhiteTeam "York A"]
[BlackTeam "U de Montreal A"]

1. d4 Nf6 2. Bf4 e6 3. e3 d5 4. Nd2 c5 5. c3 Bd6 6. Bg3 Nc6 7. f4 Ne7 8. Bf2 cxd4 9. cxd4 Qb6 10. Rb1 Bd7 11. Ngf3 O-O 12. Bd3 Bb5 13. Qe2 a6 14. Bh4 Ne4 15. Bxe7 Bxe7 16. O-O Rfc8 17. Bxb5 Qxb5 18. Qd1 Qd3 19. Nxe4 Qxe4 20. Qb3 Rc7 21. Rbc1 Rac8 22. Rxc7 Rxc7 23. h3 b5 24. a4 b4 25. Rf2 h6 26. Nd2 Rc1+ 27. Rf1 Qc2 28. Rxc1 Qxc1+ 29. Nf1 a5 30. Kf2 Bh4+ 31. g3 Bf6 32. h4 g5 33. hxg5 hxg5 34. fxg5 Bxg5 35. Ke2 Qb1 36. Kf2 Kg7 37. Ke2 Be7 38. Kf2 Bd6 39. Ke2 Kf6 40. Kf2 Kg5 41. Kg2 Qc1 42. Kf2 Kg4 43. Nh2+ Kh3 44. Nf1 Qb1 45. Ke2 Bxg3 46. Nxg3 Kxg3 47. e4+ Kh2 48. exd5 Qe4+ 49. Kf1 exd5 50. Qa2 Kg3 51. b3 Qh1+ 0-1

[Event "CAN-ch Universities"]
[Site "Montreal CAN"]
[Date "2025.01.25"]
[Round "3.62"]
[White "Hebrard, Emmanuel"]
[Black "Chertkow, Matthew"]
[Result "1-0"]
[WhiteElo "2002"]
[BlackElo "1845"]
[WhiteFideId "-1"]
[WhiteFideId "-1"]
[PlyCount "57"]
[GameId "2144521137852652"]
[EventDate "2025.01.24"]
[EventType "team"]
[EventRounds "5"]
[EventCountry "CAN"]
[WhiteTeam "U de Montreal A"]
[BlackTeam "York A"]

1. f4 d5 2. Nf3 c5 3. e3 e6 4. b3 Nf6 5. Bb2 Bd6 6. Bd3 Nc6 7. a3 Bd7 8. O-O Qc7 9. c4 O-O-O 10. Nc3 a6 11. cxd5 exd5 12. Ne2 h5 13. Ng3 Bg4 14. Bf5+ Kb8 15. Bxg4 hxg4 16. Ng5 Qd7 17. Qc2 Rh4 18. Nf5 Rxh2 19. Kxh2 Ne4 20. Nxd6 g3+ 21. Kg1 Qxd6 22. Nh3 Qh6 23. Rf3 Rh8 24. d3 Qg6 25. f5 Qg4 26. Rf4 Qh5 27. dxe4 Ne7 28. Re1 Rg8 29. Qxc5 1-0

[Event "CAN-ch Universities"]
[Site "Montreal CAN"]
[Date "2025.01.25"]
[Round "3.63"]
[White "Hosseini, Mohammad Mahdi"]
[Black "Atmani, Amine"]
[Result "0-1"]
[WhiteElo "1614"]
[BlackElo "1995"]
[WhiteFideId "-1"]
[WhiteFideId "-1"]
[PlyCount "34"]
[GameId "2144521137852653"]
[EventDate "2025.01.24"]
[EventType "team"]
[EventRounds "5"]
[EventCountry "CAN"]
[WhiteTeam "York A"]
[BlackTeam "U de Montreal A"]

1. e4 e6 2. d4 d5 3. exd5 exd5 4. Nf3 Bd6 5. Bd3 Ne7 6. O-O Bf5 7. Re1 Qd7 8. b3 Nbc6 9. c3 O-O 10. Ba3 Ng6 11. Bxf5 Qxf5 12. g3 Rfe8 13. Rxe8+ Rxe8 14. Bxd6 cxd6 15. Na3 Re6 16. Kg2 Qg4 17. Qd3 Nf4+ 0-1

[Event "CAN-ch Universities"]
[Site "Montreal CAN"]
[Date "2025.01.25"]
[Round "3.71"]
[White "Byl, Oliver"]
[Black "Ahmed, Syed Ibrahim"]
[Result "0-1"]
[WhiteElo "1819"]
[BlackElo "2230"]
[WhiteFideId "-1"]
[WhiteFideId "-1"]
[PlyCount "102"]
[GameId "2144521137852655"]
[EventDate "2025.01.24"]
[EventType "team"]
[EventRounds "5"]
[EventCountry "CAN"]
[WhiteTeam "U Ottawa B"]
[BlackTeam "Queens A"]

1. d4 Nf6 2. Nf3 c5 3. d5 b5 4. c3 Bb7 5. e4 Qb6 6. Bd3 e6 7. dxe6 dxe6 8. Qe2 c4 9. Bc2 Bc5 10. O-O Nbd7 11. e5 Nd5 12. Nbd2 Nf4 13. Qe1 Nd3 14. Qe2 Rd8 15. b4 Be7 16. a4 a6 17. axb5 axb5 18. Ra5 Bc6 19. Bxd3 cxd3 20. Qxd3 Nxe5 21. Qe2 Nd3 22. Ne4 Nxc1 23. Rxc1 Qb7 24. Ned2 O-O 25. Qe3 Ra8 26. Rca1 Bf6 27. h3 h6 28. Ra7 Rxa7 29. Rxa7 Qb8 30. Ra6 Rc8 31. Nd4 Bxd4 32. Qxd4 Bxg2 33. Rb6 Qa8 34. Rxb5 Bxh3 35. f3 Rd8 36. Qe3 Qa4 37. Rc5 Qd1+ 38. Kh2 Rxd2+ 39. Kxh3 Qf1+ 40. Kg3 Rg2+ 41. Kf4 g5+ 42. Ke5 Re2 43. Qxe2 Qxe2+ 44. Kf6 Qxf3+ 45. Ke7 g4 46. Rc8+ Kg7 47. Rc7 g3 48. b5 g2 49. b6 g1=Q 50. b7 Qb6 51. Rd7 Qbxb7 0-1

[Event "CAN-ch Universities"]
[Site "Montreal CAN"]
[Date "2025.01.25"]
[Round "3.72"]
[White "Cao, Bruce"]
[Black "McCulloch, Matteus"]
[Result "0-1"]
[WhiteElo "1913"]
[BlackElo "1863"]
[WhiteFideId "-1"]
[WhiteFideId "-1"]
[PlyCount "90"]
[GameId "2144521137852656"]
[EventDate "2025.01.24"]
[EventType "team"]
[EventRounds "5"]
[EventCountry "CAN"]
[WhiteTeam "Queens A"]
[BlackTeam "U Ottawa B"]

1. d4 Nf6 2. c4 a6 3. Nc3 c5 4. d5 b5 5. e3 b4 6. Nce2 e6 7. g3 Bb7 8. Bg2 exd5 9. cxd5 d6 10. h4 h5 11. Nf4 g6 12. b3 Bg7 13. Bb2 a5 14. Nge2 Nbd7 15. Qc2 Qe7 16. O-O O-O 17. Rad1 Ba6 18. Rfe1 Ne5 19. Nh3 Rfc8 20. Bxe5 Qxe5 21. e4 Nd7 22. f4 Qb2 23. Qxb2 Bxb2 24. Rd2 Bg7 25. Bf1 Bb5 26. Rc2 a4 27. Nc1 Bxf1 28. Rxf1 Re8 29. Ng5 Bf6 30. Re2 axb3 31. axb3 Nb6 32. e5 dxe5 33. Nxf7 exf4 34. Re6 Nxd5 35. Rxe8+ Rxe8 36. Nd6 Bd4+ 37. Kh1 Re6 38. Nc4 fxg3 39. Nd3 Re2 40. Ne3 Bxe3 41. Rf8+ Kxf8 42. Nf2 gxf2 43. Kg2 c4 44. Kh2 f1=Q+ 45. Kg3 Qg2# 0-1